All Countries in 1560 BCE - Statistics

General Stats
  • This quiz has been taken 17 times
    16 since last reset
  • The average score is 3 of 14
Answer Stats
Answer % Correct
Babylon
87%
Minoa
40%
Shang
27%
Hittites
20%
Mitanni
20%
Mycenae
20%
Canaan
13%
Elam
13%
Old Assyria
13%
15th Dynasty
0%
16th Dynasty
0%
17th Dynasty
0%
Qatna
0%
Yamhad
0%
No matching quizzes found
Score Distribution
Percent of People with Each Score
Percentile by Number Answered
Your Score History
You have not taken this quiz since the last reset